Valamideel sasthreeyamakkanam (Record no. 52014)

MARC details
000 -LEADER
fixed length control field 00251nam a2200109Ia 4500
100 ## - MAIN ENTRY--AUTHOR NAME
Personal name Meena S
245 #0 - TITLE STATEMENT
Title Valamideel sasthreeyamakkanam
260 ## - PUBLICATION, DISTRIBUTION, ETC. (IMPRINT)
Name of publisher Rubber
Year of publication 2012
300 ## - PHYSICAL DESCRIPTION
Number of Pages 14-15,17
942 ## - ADDED ENTRY ELEMENTS (KOHA)
Koha item type Bibliography STAF
Holdings
Withdrawn status Lost status Damaged status Not for loan Home library Current library Date acquired Serial Enumeration / chronology Koha item type
      Bibliography RRII Library RRII Library 05/03/2013 Volume 557, Issue Aug Bibliography STAF